| 000 | 00545ntaaa2200205 4500 | ||
|---|---|---|---|
| 003 | 01 | ||
| 005 | 20251027200759.0 | ||
| 008 | 0714s1973 ag 01 | ||
| 020 | _a8430109048 | ||
| 040 |
_aAR-BaBN _bspa _cAR-BaBN _eaacr _dRIC |
||
| 082 | _a230.098 Q4e | ||
| 100 |
_aQuiroz Magana, A _94079 |
||
| 245 |
_aEclesiologia en la teologia de la liberacion / _cA Quiroz Magana |
||
| 250 | _a1 ed. | ||
| 260 |
_aSalamanca : _bSigueme, _c1983 |
||
| 300 |
_a363 p ; _c22 cm |
||
| 650 | _aEclesiologia | ||
| 650 | _aTeologia de la Liberacion | ||
| 942 | _cBK | ||
| 999 |
_c2003 _d2003 |
||